Responses for show #4501 - Monday, March 15, 2004

Steve Reynolds game 1.

Contestants

Sue Shelly, a cost accounting manager from Lansdale, Pennsylvania

Steve Reynolds, an accountant from Norman, Oklahoma

Ellie O'Donnell, a systems analyst from Bloomington, Illinois (whose 1-day cash winnings total $9,800)

Jeopardy! Round responses

SCIENCE & TECHNOLOGY
WHAT A DOLL!
A CANDY-GORY
LITERATURE
COMMUNICATION
VOCABULARY
    $200 2
China

Ellie
    $200 1
Marie Osmond

Sue
    $200 21
Life Savers

Ellie
    $200 4
(Alex: A funny guy!)

Dostoevsky

Triple Stumper
    $200 26
squawk box

Sue
    $200 13
stampede

Sue
    $400 3
Europium

Steve
    $400 9
Barbie

Steve
    $400 22
Mounds

Sue
    $400 5
Rochester

Ellie
    $400 27
postcards

Sue
    $400 14
acme

Sue
    $600 18
electron

Sue
    $600 10
(Steve: Who is Harry Potter?)

Andy Warhol

EllieSteve
    $600 23
(Sue: What is Mary Jane?)

Tootsie Roll

SteveSue
    $1,000 6
Madame Bovary

Ellie
    $600 28
translator/interpreter

Steve
    $600 15
green

Ellie
    $800 19
(Alex: Not one that you'd use in your body, obviously!)

an artificial heart

Triple Stumper
    $800 11
Dick Tracy

Steve
    $800 24
(Alex: With a minute to go.)

Crunch

Ellie
    $800 7
Miss Julie

Triple Stumper
    $800 29
(Ellie: What is propaganda?)

leaflet

Ellie
Triple Stumper
    $800 16
November

Triple Stumper
    $1000 20
(Steve: What is fission?)

fusion

SteveSue
    $1000 12
(Alex: Surprise, surprise!)

Richard Simmons

Steve
    $1000 25
Milk Duds

Triple Stumper
    $1000 8
Philip Roth

Steve
    $1000 30
Dish Network

Triple Stumper
    $1000 17
eccentric

Steve

Scores at the first commercial break (after clue 15):

Ellie Steve Sue
$2,800 $3,000 $800

Scores at the end of the Jeopardy! Round:

Ellie Steve Sue
$3,000 $4,200 $2,800

Double Jeopardy! Round responses

NAZARETH
CINDERELLA
MOTLEY CREW
SOUNDGARDEN
"A.C."/"D.C."
(Alex: And what do they all have in common; they're all...)
HEAVY METAL BANDS
    $400 26
(Alex: With less than a minute now.)

Israel

Ellie
    $400 1
glass

Ellie
    $400 6
Geronimo

Steve
    $400 11
(Alex: Or in my home, what is singing; sounds the same!)

gargling

Steve
    $400 21
alley cats

Steve
    $400 16
Led Zeppelin

Ellie
    $800 27
Gabriel

Steve
    $800 2
(Steve: Who is the Fairy Godmother?)

the Fairy Godfather

Steve
Triple Stumper
    $800 7
Henry Luce

Steve
    $800 12
rattle

Ellie
    $800 22
dress code

Ellie
    $800 17
Steppenwolf

Ellie
    $1200 28
Pennsylvania

Sue
    $1200 3
the mice

Sue
    $1200 8
Joey Pants

Sue
    $1200 13
(Alex: And we've got to stop that person; boy!)

yodeling

Steve
    $1200 23
dry cleaning

Ellie
    $1200 18
(Sue: Who is Aerosmith?)

Van Halen

SteveSue
    $1600 29
Joseph

Triple Stumper
    $1,000 4
(Sue: What is 5?)

50

Sue
    $1600 9
King Agamemnon

Triple Stumper
    $1600 14
Stars and Stripes Forever

Steve
    $1,600 24
(Ellie: What is the diplomatic convoy?)
(Alex: Aaaah...you were halfway there!)

the diplomatic corps

Ellie
    $1600 19
Metallica

Steve
    $2000 30
Saladin

Triple Stumper
    $2000 5
(Steve: Who is Verdi?)

(Gioachino) Rossini

EllieSteve
    $2000 10
Millard Fillmore

Ellie
    $2000 15
(Steve: What is pan flute?)
(Alex: Or [*], yes!)

pan pipe

Steve
    $2000 25
Amicus curiae

Steve
    $2000 20
Def Leppard

Ellie

Scores at the end of the Double Jeopardy! Round:

Ellie Steve Sue
$12,200 $13,800 $4,200

[wagering suggestions for these scores]

Final Jeopardy! Round responses

THE 1960s
(Alex: See if you can remember what happened in the '60s!)
(Alex: That's the gun he used to kill Lee Harvey Oswald.)
SueWho is Jack Ruby?
$4,200
EllieWho is Oswald?
$0
SteveWho is Jack Ruby?
$10,601
Jack Ruby

Final scores:

Ellie Steve Sue
$12,200 $24,401 $8,400
2nd place: $2,000 New champion: $24,401 3rd place: $1,000

Game dynamics:

Coryat scores:

Ellie Steve Sue
$13,400 $13,800 $5,200
17 R
(including 1 DD),
2 W
(including 1 DD)
19 R,
4 W
11 R,
3 W
(including 1 DD)

Combined Coryat: $32,400

The J! Archive is created by fans, for fans. The Jeopardy! game show and all elements thereof, including but not limited to copyright and trademark thereto, are the property of Jeopardy Productions, Inc. and are protected under law. This website is not affiliated with, sponsored by, or operated by Jeopardy Productions, Inc. Join the discussion at JBoard.tv.